| Tag |
First Indicator |
Second Indicator |
Subfields |
| LEADER |
00000nam a2200000Ii 4500 |
| 001 |
in00004599513 |
| 003 |
OCoLC |
| 005 |
20220609124327.5 |
| 006 |
m o d |
| 007 |
cr ||||||||||| |
| 008 |
220221t20212021ii fob 001 0 eng d |
| 024 |
8 |
|
|a 40031390400
|
| 040 |
|
|
|a UKOUP
|b eng
|e rda
|e pn
|c UKOUP
|d YDX
|
| 020 |
|
|
|a 9789391050320
|q electronic book
|
| 020 |
|
|
|a 9391050328
|q electronic book
|
| 035 |
|
|
|a (OCoLC)1321044476
|
| 043 |
|
|
|a a-ii---
|
| 050 |
|
4 |
|a Q335
|b .G47 2021
|
| 082 |
0 |
4 |
|a 006.30954
|2 23
|
| 100 |
1 |
|
|a Geraci, Robert M.,
|e author.
|
| 245 |
1 |
0 |
|a Futures of artificial intelligence :
|b perspectives from India and the U.S. /
|c Robert M. Geraci.
|
| 250 |
|
|
|a First edition.
|
| 264 |
|
1 |
|a New Delhi :
|b Oxford University Press,
|c 2021.
|
| 264 |
|
4 |
|c ©2021
|
| 300 |
|
|
|a 1 online resource ( xii, 213 pages) :
|
| 336 |
|
|
|a text
|b txt
|2 rdacontent
|
| 337 |
|
|
|a computer
|b c
|2 rdamedia
|
| 338 |
|
|
|a online resource
|b cr
|2 rdacarrier
|
| 500 |
|
|
|a This edition also issued in print: 2021.
|
| 504 |
|
|
|a Includes bibliographical references and index.
|
| 521 |
|
|
|a Specialized.
|
| 588 |
|
|
|a Description based on online resource; title from digital title page (viewed on June 09, 2022).
|
| 650 |
|
0 |
|a Artificial intelligence.
|
| 650 |
|
0 |
|a Transhumanism.
|
| 650 |
|
0 |
|a Science
|x Social aspects
|z India.
|
| 655 |
|
7 |
|a Electronic books.
|2 local
|
| 710 |
2 |
|
|a Oxford Academic
|
| 776 |
1 |
8 |
|i Print version :
|z 9788194831679
|
| 856 |
4 |
0 |
|u http://proxy.library.tamu.edu/login?url=https://dx.doi.org/10.1093/oso/9788194831679.001.0001
|z Connect to the full text of this electronic book
|t 0
|
| 945 |
|
|
|b 489738
|
| 955 |
|
|
|a YBP purchased approval e-records
|
| 980 |
|
|
|b ebook
|c 40031390400
|f NONFIC/B
|g 565751
|k USD
|m 157.50
|q 1
|s AcqMono Conventional
|t Approval plan
|u Vendor order reference number
|v ZYBP
|y E-approvals
|z Electronic resource
|
| 999 |
f |
f |
|i 79197d1f-682e-4a49-bd53-9effef07626e
|s 030309db-ab05-47d8-9d09-d9258b2eeed3
|t 0
|
| 952 |
f |
f |
|a Texas A&M University
|b College Station
|c Electronic Resources
|s www_evans
|d Available Online
|t 0
|e Q335 .G47 2021
|h Library of Congress classification
|